000 00949nam2a22002411 4500
001 rc\4252812
005 20250612030832.0
021 _aRU
_b[59-42837]
035 _a(NLR Aleph) 008477263
090 _a7967602
_c7967602
100 _a20130416d1960 |||y0rusy50 ca
101 0 _arus
102 _aRU
105 _ay z |||||
200 1 _aСинтаксис
_eДля 6 и 7 классов
210 _d1960
_aБ. м.
215 _a144 с.
461 0 _1001rc\4252810
_12001#$aУчебник русского языка$eДля сред. школы$eЧ. 1 -$vЧ. 2
_1700#1$aБархударов$bС.Г.$f1894-1983$gСтепан Григорьевич
_97967592
_aБархударов, С.Г. (1894-1983)
_cМосква
_d1960
_nУчпедгиз
_oДля сред. школы : Ч. 1 -
_tУчебник русского языка
_vЧ. 2
801 0 _aRU
_bNLR
_gpsbo
801 1 _aRU
_bELAR
_2rusmarc
852 _aNLR
_j59-5/3057
942 _cBOOK
980 _aNB